000 00591nam a2200229Ia 4500
003 0100
008 130307s9999 xx 000 0 und d
020 _a0534191762
040 _cARRUPELIB
050 _aBL70.V36 1993
100 _aVan Voorst, Robert E
245 _aAnthology of world scriptures
260 _aCalifornia
260 _bWadsworth Publishing Company
260 _c1993
300 _axvi
300 _b344p. 23 cm.
650 _aRELIGION
650 _bChristian literature--History--Criticism
650 _cReligious literature--History--Criticism
942 0 0 _02
999 _c96594
_d96594